Адамант Хенны; Кольцо Тьмы

Մատենագիտական մանրամասներ
Parent link:Кольцо Тьмы/ Н. Д. Перумов. Кн. 3.— , 1996
Ամփոփում:Исключено из фонда НТБ ТПУ
Լեզու:ռուսերեն
Հրապարակվել է: 1996
Ձևաչափ: MixedMaterials Գիրք
KOHA link:https://koha.lib.tpu.ru/cgi-bin/koha/opac-detail.pl?biblionumber=24127

MARC

LEADER 00000nam0a2200000 4500
001 24127
005 20231030200054.0
010 |a 5768400257 
010 |a 5-7684-0028-1 
035 |a (RuTPU)RU\TPU\book\24353 
035 |a BOOK00024426 
090 |a 24127 
100 |a 20011209d1996 m y0rusy50 ca 
101 0 |a rus 
102 |a RU 
105 |a y z 000ay 
200 1 |a Адамант Хенны 
210 |d 1996 
215 |a 512 с. 
333 |a Исключено из фонда НТБ ТПУ 
461 |t Кольцо Тьмы  |v Кн. 3  |f Н. Д. Перумов  |d 1996 
675 |a Р2  |v 3 
801 0 |a RU  |b 63413507  |c 20011209  |g PSBO 
801 2 |a RU  |b 63413507  |c 20211217  |g PSBO 
942 |c BK